[Event "Catalao op 1st"]
[Site "Catalao"]
[Date "2019.02.09"]
[Round "3"]
[White "Dos Santos, Samary Miranda Parr"]
[Black "Junqueira, Leonardo de Faria"]
[Result "0-1"]
[WhiteElo "1624"]
[BlackElo "1439"]
[PlyCount "80"]
[EventDate "2019.02.09"]
[EventType "swiss"]
[EventRounds "5"]
[EventCountry "BRA"]
[SourceTitle "CBM 189 Extra"]
[Source "ChessBase"]
[SourceDate "2019.06.03"]
[SourceVersion "1"]
[SourceVersionDate "2019.06.03"]
[SourceQuality "1"]

1. e4 d5 2. d3 dxe4 3. Nc3 Nf6 4. Be2 Bf5 5. dxe4 Qxd1+ 6. Bxd1 Nxe4 7. Nxe4 Bxe4 8. c3 Bxg2 9. Bf3 Bxh1 10. Bxh1 c6 11. Be3 e6 12. 0-0-0 Be7 13. Nf3 0-0 14. Ne5 Rd8 15. Rg1 Nd7 16. Nxd7 Rxd7 17. Be4 Rad8 18. Bf3 a6 19. Bb6 Rc8 20. Bd4 g6 21. a3 Bd6 22. h4 Bf4+ 23. Kc2 Rcd8 24. Kd3 c5 25. Kc2 cxd4 26. cxd4 Rxd4 27. Rd1 Rxd1 28. Bxd1 Rd2+ 29. Kb1 Rxd1+ 30. Ka2 Be5 31. f4 Bxf4 32. a4 Be5 33. b3 f5 34. b4 Ra1+ 35. Kb3 f4 36. b5 axb5 37. axb5 f3 38. Kc4 f2 39. Kc5 f1Q 40. Kb6 Rb1 0-1

[Event "BRA-ch sf1"]
[Site "Brasilia"]
[Date "2018.06.16"]
[Round "2.8"]
[White "Junqueira, Leonardo de Faria"]
[Black "Rabelo, Jose Carlos Vargas"]
[Result "0-1"]
[WhiteElo "1444"]
[BlackElo "1702"]
[PlyCount "98"]
[EventDate "2018.06.15"]
[EventType "swiss"]
[EventRounds "5"]
[EventCountry "BRA"]
[SourceTitle "EXT 2022"]
[Source "ChessBase"]
[SourceDate "2021.10.06"]
[SourceVersion "1"]
[SourceVersionDate "2021.10.06"]
[SourceQuality "1"]

1. e4 c5 2. d4 cxd4 3. c3 dxc3 4. Nxc3 e6 5. Nf3 Bb4 6. Bd2 Ne7 7. Bc4 0-0 8. 0-0 a6 9. Bb3 b5 10. Bc2 Bb7 11. Ne2 Bxd2 12. Qxd2 d5 13. Nc3 dxe4 14. Bxe4 Nbc6 15. Rfd1 Qb6 16. Qf4 Ng6 17. Qc1 Rac8 18. Qd2 Rfd8 19. Qe1 Nb4 20. Rxd8+ Rxd8 21. Rd1 Bxe4 22. Rxd8+ Qxd8 23. Qxe4 Nd5 24. Nxd5 Qxd5 25. Qxd5 exd5 26. g3 f6 27. Kf1 Kf7 28. Nd4 Ne5 29. Ke2 g6 30. h3 Ke7 31. f4 Nc4 32. b3 Nd6 33. g4 Ne4 34. Ke3 Kd6 35. b4 Nc3 36. a3 Nd1+ 37. Kd2 Nf2 38. Ke3 Nxh3 39. Kf3 g5 40. f5 Nf4 41. Nc2 Ke5 42. Ke3 h5 43. gxh5 Nxh5 44. Nd4 Kd6 45. Nf3 Ng3 46. Nd4 Ke5 47. Nf3+ Kxf5 48. Kd4 Ne4 49. Kxd5 Nc3+ 0-1

[Event "Brasilia Centro Oeste-ch"]
[Site "Brasilia"]
[Date "2017.09.23"]
[Round "4"]
[White "Junqueira, Leonardo de Faria"]
[Black "Tufenkjian, Victor Piemonte"]
[Result "0-1"]
[WhiteElo "1459"]
[BlackElo "1346"]
[PlyCount "66"]
[EventDate "2017.09.22"]
[EventType "swiss"]
[EventRounds "6"]
[EventCountry "BRA"]
[SourceTitle "CBM 180 Extra"]
[Source "ChessBase"]
[SourceDate "2017.10.06"]
[SourceVersion "1"]
[SourceVersionDate "2017.10.06"]
[SourceQuality "1"]

1. e4 c5 2. d4 cxd4 3. c3 dxc3 4. Nxc3 Nc6 5. Bc4 Nf6 6. Nf3 h6 7. 0-0 e6 8. h3 Bc5 9. Re1 d6 10. e5 dxe5 11. Qxd8+ Kxd8 12. Nxe5 Nxe5 13. Rxe5 Bd4 14. Re1 b6 15. Nb5 Bc5 16. Bf4 Ba6 17. Rad1+ Ke7 18. a3 Rhd8 19. b4 Bxb5 20. Bxb5 Bd4 21. Bc7 Rd5 22. Bc6 Bc3 23. Bxd5 Nxd5 24. Re2 Nxc7 25. Rc2 Nb5 26. a4 Nd4 27. Rxc3 Ne2+ 28. Kf1 Nxc3 29. Ra1 Rd8 30. Ke1 Nd5 31. Rc1 Rd7 32. a5 Nxb4 33. axb6 Nd3+ 0-1

[Event "Brasilia Terraviva op"]
[Site "Brasilia"]
[Date "2017.01.06"]
[Round "1"]
[White "De Arruda Filho, Nivaldo Jesus"]
[Black "Junqueira, Leonardo de Faria"]
[Result "1-0"]
[WhiteElo "1951"]
[BlackElo "1456"]
[PlyCount "101"]
[EventDate "2017.01.06"]
[EventType "swiss"]
[EventRounds "6"]
[EventCountry "BRA"]
[SourceTitle "CBM 176 Extra"]
[Source "ChessBase"]
[SourceDate "2017.03.02"]
[SourceVersion "1"]
[SourceVersionDate "2017.03.02"]
[SourceQuality "1"]

1. e4 e5 2. Nf3 Nc6 3. d4 exd4 4. Nxd4 Nf6 5. Nxc6 bxc6 6. Qe2 d6 7. Nc3 Be7 8. Bd2 a5 9. h3 Ba6 10. Qf3 Bxf1 11. Rxf1 Qb8 12. 0-0-0 Nd7 13. Qg4 Bf6 14. f4 Qb7 15. e5 dxe5 16. Ne4 Rg8 17. Bc3 0-0-0 18. Rxd7 Rxd7 19. Nxf6 gxf6 20. Qxg8+ Rd8 21. Qxf7 Qa6 22. Re1 Qb6 23. Qe6+ Kb7 24. Qb3 exf4 25. Rf1 Qxb3 26. axb3 Rg8 27. Rxf4 Rxg2 28. Rxf6 Rg1+ 29. Kd2 Rg2+ 30. Kd1 Rh2 31. Rh6 Kb6 32. Rxh7 c5 33. h4 Kc6 34. Bxa5 Kd5 35. Be1 c6 36. Re7 Rh3 37. Kd2 Rh2+ 38. Re2 Rh3 39. Rg2 Ke6 40. Rg3 Rh2+ 41. Kd3 Rh1 42. Re3+ Kd6 43. Bg3+ Kd7 44. Kc4 Rb1 45. Kxc5 Rxb2 46. c4 Ra2 47. b4 Ra8 48. h5 Rh8 49. Re5 Rh7 50. Bf4 Kc7 51. Re7+ 1-0

[Event "BRA-ch Seniors 50+"]
[Site "Curitiba"]
[Date "2016.12.08"]
[Round "1"]
[White "Junqueira, Leonardo de Faria"]
[Black "Chaves, Jorge Antonio Torre"]
[Result "1-0"]
[WhiteElo "1459"]
[BlackElo "1972"]
[PlyCount "67"]
[EventDate "2016.12.08"]
[EventType "swiss"]
[EventRounds "7"]
[EventCountry "BRA"]
[SourceTitle "EXT 2018"]
[Source "ChessBase"]
[SourceDate "2017.10.13"]
[SourceVersion "1"]
[SourceVersionDate "2017.10.13"]
[SourceQuality "1"]

1. e4 e5 2. d4 exd4 3. c3 dxc3 4. Nxc3 Nf6 5. e5 Ng8 6. Bc4 d5 7. Bxd5 Qe7 8. Nf3 h6 9. 0-0 c6 10. Bb3 Bf5 11. Re1 Na6 12. Nd4 Rd8 13. Qf3 Rxd4 14. Qxf5 g6 15. Qf3 f5 16. Be3 Rg4 17. h3 h5 18. Rad1 Rb4 19. Rd6 Rxb3 20. axb3 Qg7 21. Rd3 Bc5 22. Red1 Ne7 23. Rd7 0-0 24. Rxb7 Qxe5 25. Rdd7 Re8 26. Rd1 f4 27. Bxc5 Nxc5 28. Rxa7 Nxb3 29. Qd3 Nc5 30. Qd2 Nf5 31. Qc2 f3 32. Na4 Ne4 33. Qc4+ Qe6 34. Qxe6+ 1-0

[Event "Brasilia Marista U2200"]
[Site "Brasilia"]
[Date "2016.08.27"]
[Round "2.6"]
[White "Felix, Luiza de Oliveira"]
[Black "Junqueira, Leonardo de Faria"]
[Result "1-0"]
[WhiteElo "1610"]
[BlackElo "1409"]
[PlyCount "49"]
[EventDate "2016.08.27"]
[EventType "swiss"]
[EventRounds "5"]
[EventCountry "BRA"]
[SourceTitle "EXT 2022"]
[Source "ChessBase"]
[SourceDate "2021.10.06"]
[SourceVersion "1"]
[SourceVersionDate "2021.10.06"]
[SourceQuality "1"]

1. e4 e5 2. Nc3 Nf6 3. g3 Be7 4. Bg2 Nc6 5. Nge2 d6 6. 0-0 Bg4 7. h3 Bh5 8. d3 Qd7 9. Be3 h6 10. Qd2 Bxe2 11. Nxe2 Nh5 12. c3 Bg5 13. f4 exf4 14. Nxf4 Bxf4 15. Bxf4 0-0-0 16. Kh2 Kb8 17. a4 g5 18. Be3 Ne5 19. d4 Nc4 20. Qe1 Nxe3 21. Qxe3 Rde8 22. Qf3 Rhf8 23. b4 f5 24. exf5 Rf6 25. Qxb7# 1-0

[Event "BRA-ch Regional Centro Oeste"]
[Site "Brasilia"]
[Date "2016.08.14"]
[Round "5.14"]
[White "Junqueira, Leonardo de Faria"]
[Black "Campos, Igor Joao Stefani"]
[Result "1-0"]
[WhiteElo "1409"]
[BlackElo "1571"]
[PlyCount "124"]
[EventDate "2016.08.12"]
[EventType "swiss"]
[EventRounds "6"]
[EventCountry "BRA"]
[SourceTitle "EXT 2022"]
[Source "ChessBase"]
[SourceDate "2021.10.06"]
[SourceVersion "1"]
[SourceVersionDate "2021.10.06"]
[SourceQuality "1"]

1. e4 c5 2. d4 e6 3. Be3 b6 4. Bc4 Bb7 5. d5 Be7 6. Nc3 Nf6 7. Nf3 d6 8. dxe6 0-0 9. exf7+ Kh8 10. 0-0 a6 11. Ng5 b5 12. Bd5 Nxd5 13. Ne6 Nxe3 14. Nxd8 Nxd1 15. Ne6 Rxf7 16. Raxd1 Nc6 17. Nd5 Nd4 18. Nxd4 Bxd5 19. exd5 cxd4 20. Rxd4 Raf8 21. f3 Bg5 22. Re4 Re7 23. Rfe1 Rxe4 24. Rxe4 g6 25. c4 b4 26. h4 Bc1 27. b3 Kg7 28. Re1 Bf4 29. Kf2 h5 30. Re7+ Rf7 31. Re8 Ra7 32. Rc8 a5 33. c5 a4 34. c6 axb3 35. axb3 Ra2+ 36. Kf1 Rc2 37. Rb8 Be3 38. Rb7+ Kf8 39. c7 Rc5 40. Rb8+ Ke7 41. c8Q Rxc8 42. Rxc8 Kf6 43. Rf8+ Ke5 44. Rg8 Kxd5 45. Rxg6 Ke5 46. Ke2 Bf4 47. Kd3 Kd5 48. g3 Be5 49. f4 Bc3 50. Rg5+ Ke6 51. Rxh5 d5 52. Rh6+ Kf5 53. Rh5+ Ke6 54. f5+ Kf6 55. g4 Kg7 56. f6+ Bxf6 57. Rxd5 Bxh4 58. Ke4 Kg6 59. Rb5 Be1 60. Rb6+ Kg5 61. Kf3 Bd2 62. Rb7 Kf6 1-0

[Event "BRA-ch Regional Centro Oeste"]
[Site "Brasilia"]
[Date "2016.08.13"]
[Round "3.17"]
[White "Junqueira, Leonardo de Faria"]
[Black "Taira, Erick Hideki"]
[Result "1/2-1/2"]
[WhiteElo "1409"]
[BlackElo "1706"]
[PlyCount "70"]
[EventDate "2016.08.12"]
[EventType "swiss"]
[EventRounds "6"]
[EventCountry "BRA"]
[SourceTitle "EXT 2022"]
[Source "ChessBase"]
[SourceDate "2021.10.06"]
[SourceVersion "1"]
[SourceVersionDate "2021.10.06"]
[SourceQuality "1"]

1. f4 d5 2. c4 e6 3. Nf3 c5 4. cxd5 exd5 5. e3 Nf6 6. Bb5+ Nbd7 7. Ne5 a6 8. Bxd7+ Nxd7 9. Nxd7 Bxd7 10. 0-0 Bd6 11. Nc3 Bc6 12. b3 Qc7 13. Qg4 h5 14. Qh3 f6 15. Bb2 Kf7 16. Qf5 Qc8 17. Qxc8 Raxc8 18. Rac1 b5 19. a3 a5 20. Ne2 c4 21. Nd4 Bd7 22. Rfd1 b4 23. axb4 axb4 24. Ra1 Ra8 25. Rdc1 Rxa1 26. Rxa1 Rc8 27. Ra7 Rc7 28. Rxc7 Bxc7 29. Kf1 g5 30. g3 Bb6 31. bxc4 dxc4 32. Nc2 Ba5 33. Ke1 Ba4 34. Nd4 c3 35. dxc3 bxc3 1/2-1/2

[Event "Brasilia Ascade op"]
[Site "Brasilia"]
[Date "2016.01.31"]
[Round "4"]
[White "Junqueira, Leonardo de Faria"]
[Black "Vargas, Carlos V Valcarcel"]
[Result "0-1"]
[WhiteElo "1440"]
[BlackElo "1555"]
[PlyCount "90"]
[EventDate "2016.01.29"]
[EventType "swiss"]
[EventRounds "5"]
[EventCountry "BRA"]
[SourceTitle "CBM 170 Extra"]
[Source "ChessBase"]
[SourceDate "2016.02.25"]
[SourceVersion "1"]
[SourceVersionDate "2016.02.25"]
[SourceQuality "1"]

1. f4 e6 2. Nf3 d5 3. e3 Nf6 4. b3 Be7 5. Bb2 0-0 6. Bd3 Ne4 7. Bxe4 dxe4 8. Ne5 Bh4+ 9. g3 Bf6 10. Nc3 b6 11. Nxe4 Be7 12. Qg4 f5 13. Nc6 fxg4 14. Nxd8 Bxd8 15. Nf2 Bb7 16. e4 Nd7 17. d3 Nf6 18. 0-0-0 Be7 19. Bxf6 Bxf6 20. Nxg4 Be7 21. h4 h5 22. Ne3 a5 23. Nc4 a4 24. Kd2 axb3 25. axb3 Ra2 26. Ra1 Rfa8 27. Rxa2 Rxa2 28. Rh2 Bc5 29. Ne3 Ra1 30. Rg2 Bb4+ 31. c3 Ra2+ 32. Nc2 Ba3 33. Rg1 b5 34. Ra1 Rxa1 35. Nxa1 Bc5 36. Nc2 Bf2 37. f5 exf5 38. exf5 Bxg3 39. Nd4 Bxh4 40. Nxb5 Bg5+ 41. Ke2 Bf4 42. Nd4 h4 43. Kf2 h3 44. Nf3 h2 45. Nxh2 Bxh2 0-1

[Event "BRA-ch para Deficientes Visuais sf"]
[Site "Caraguatatuba"]
[Date "2015.09.20"]
[Round "5.5"]
[White "Junqueira, Leonardo de Faria"]
[Black "Couto, Januario Pereira Do"]
[Result "0-1"]
[WhiteElo "1441"]
[BlackElo "1583"]
[PlyCount "112"]
[EventDate "2015.09.18"]
[EventType "swiss"]
[EventRounds "5"]
[EventCountry "BRA"]
[SourceTitle "EXT 2022"]
[Source "ChessBase"]
[SourceDate "2021.10.06"]
[SourceVersion "1"]
[SourceVersionDate "2021.10.06"]
[SourceQuality "1"]

1. e4 d5 2. exd5 Qxd5 3. Nc3 Qd6 4. d4 Nf6 5. Nf3 a6 6. h3 b5 7. a3 Bb7 8. Be2 e6 9. Be3 Be7 10. 0-0 0-0 11. Qd2 Nbd7 12. Bf4 Qb6 13. Qe3 Nd5 14. Nxd5 Bxd5 15. Nd2 Nf6 16. Be5 Rad8 17. Bf3 Bxf3 18. Qxf3 c5 19. c3 cxd4 20. Bxd4 Qd6 21. Ne4 Nxe4 22. Qxe4 Qd5 23. Qxd5 Rxd5 24. f4 Rfd8 25. Rf3 g6 26. Raf1 Bc5 27. Bxc5 Rxc5 28. R3f2 Rcd5 29. Re1 Rd2 30. Rxd2 Rxd2 31. Re2 Rd3 32. Kf2 Kg7 33. Re3 Rd2+ 34. Re2 Rxe2+ 35. Kxe2 Kf6 36. Kf2 e5 37. fxe5+ Kxe5 38. Ke3 f5 39. g3 g5 40. b3 Kd5 41. Kd3 h5 42. Ke3 a5 43. Kd3 f4 44. gxf4 gxf4 45. c4+ bxc4+ 46. bxc4+ Kc5 47. Ke4 Kxc4 48. Kxf4 Kb3 49. Kg5 Kxa3 50. h4 a4 51. Kxh5 Kb3 52. Kg5 a3 53. h5 a2 54. h6 a1Q 55. h7 Qh8 56. Kh6 Kc4 0-1

[Event "Brasilia FBX Nova Geracao U1800"]
[Site "Brasilia"]
[Date "2015.07.26"]
[Round "5.4"]
[White "Pereira da Silva, Evernandes"]
[Black "Junqueira, Leonardo de Faria"]
[Result "1-0"]
[WhiteElo "1630"]
[BlackElo "1449"]
[PlyCount "55"]
[EventDate "2015.07.25"]
[EventType "swiss"]
[EventRounds "5"]
[EventCountry "BRA"]
[SourceTitle "EXT 2022"]
[Source "ChessBase"]
[SourceDate "2021.10.06"]
[SourceVersion "1"]
[SourceVersionDate "2021.10.06"]
[SourceQuality "1"]

1. c4 c5 2. Nc3 Nf6 3. g3 e5 4. Bg2 Nc6 5. d3 Be7 6. Nf3 d5 7. cxd5 Nxd5 8. 0-0 0-0 9. a3 Be6 10. Nxd5 Bxd5 11. Bd2 Nd4 12. e4 Bb3 13. Qe1 Nc2 14. Qe2 Nxa1 15. Rxa1 Be6 16. Nxe5 Bf6 17. Bc3 Qd6 18. f4 Bxe5 19. Bxe5 Qd7 20. f5 Bb3 21. f6 g6 22. Qe3 Kh8 23. d4 Ba4 24. d5 Qb5 25. Bc3 c4 26. e5 Rac8 27. e6 Kg8 28. Qh6 1-0

[Event "Brasilia IRT Nova Geracao U1650"]
[Site "Brasilia"]
[Date "2015.05.23"]
[Round "3.3"]
[White "Portal, Adroaldo da Cunha"]
[Black "Junqueira, Leonardo de Faria"]
[Result "1-0"]
[WhiteElo "1800"]
[BlackElo "1449"]
[PlyCount "58"]
[EventDate "2015.05.23"]
[EventType "swiss"]
[EventRounds "5"]
[EventCountry "BRA"]
[SourceTitle "EXT 2022"]
[Source "ChessBase"]
[SourceDate "2021.10.06"]
[SourceVersion "1"]
[SourceVersionDate "2021.10.06"]
[SourceQuality "1"]

1. d4 Nf6 2. Nf3 d5 3. e3 Bf5 4. c4 e6 5. Qb3 b6 6. Bd3 Bxd3 7. Qxd3 Bb4+ 8. Bd2 Bxd2+ 9. Nbxd2 Nbd7 10. cxd5 exd5 11. 0-0 0-0 12. e4 dxe4 13. Nxe4 Nxe4 14. Qxe4 Nf6 15. Qd3 Qd5 16. Rfe1 Rfe8 17. b3 Rad8 18. Rad1 Kf8 19. Qc4 Qd6 20. Ne5 Nd5 21. Qd3 Nb4 22. Qxh7 f6 23. Qh8+ Ke7 24. Qxg7+ Ke6 25. Nc4+ Kf5 26. Nxd6+ cxd6 27. g4+ Kf4 28. Qxf6+ Kxg4 29. f3+ Kh5 1-0

[Event "Brasilia FBX op"]
[Site "Brasilia"]
[Date "2015.02.28"]
[Round "2"]
[White "Junqueira, Leonardo de Faria"]
[Black "Faria, Fillipe Marinho"]
[Result "0-1"]
[WhiteElo "1455"]
[BlackElo "2074"]
[PlyCount "86"]
[EventDate "2015.02.27"]
[EventType "swiss"]
[EventRounds "5"]
[EventCountry "BRA"]
[SourceTitle "CBM 165 Extra"]
[Source "ChessBase"]
[SourceDate "2015.04.21"]
[SourceVersion "1"]
[SourceVersionDate "2015.04.21"]
[SourceQuality "1"]

1. e4 e5 2. d4 exd4 3. c3 d5 4. Qxd4 dxe4 5. Qxe4+ Qe7 6. Bd3 Nf6 7. Qxe7+ Bxe7 8. Nf3 0-0 9. 0-0 Bg4 10. Ne5 Be6 11. Bg5 h6 12. Bh4 g5 13. Bg3 Nh5 14. Bc4 Nxg3 15. fxg3 Bxc4 16. Nxc4 Bc5+ 17. Kh1 Re8 18. Nbd2 Nc6 19. Rad1 b5 20. b4 Bf8 21. Na3 a6 22. Nb3 Re2 23. Rd2 Rae8 24. Rxe2 Rxe2 25. Nc1 Re3 26. Nb1 Bg7 27. Kg1 Bxc3 28. Nxc3 Rxc3 29. Rd1 Nxb4 30. Kf1 Kf8 31. Ne2 Ra3 32. Rd8+ Kg7 33. Rd7 c5 34. h4 c4 35. Nd4 Kf6 36. hxg5+ hxg5 37. g4 Rxa2 38. Rc7 Ra3 39. Rc5 c3 40. Rf5+ Kg6 41. Rf3 c2 42. Nxc2 Rxf3+ 43. gxf3 Nxc2 0-1

[Event "Brasilia Oeste op"]
[Site "Brasilia"]
[Date "2012.10.14"]
[Round "7"]
[White "Junqueira, Leonardo de Faria"]
[Black "Da Silva, Alexandre Mota"]
[Result "1-0"]
[WhiteElo "1788"]
[BlackElo "1824"]
[PlyCount "61"]
[EventDate "2012.10.11"]
[EventType "swiss"]
[EventRounds "7"]
[EventCountry "BRA"]
[SourceTitle "EXT 2013"]
[Source "ChessBase"]
[SourceDate "2012.11.22"]
[SourceVersion "1"]
[SourceVersionDate "2012.11.22"]
[SourceQuality "1"]

1. e4 d5 2. exd5 Qxd5 3. Nc3 Qa5 4. d4 c6 5. h3 Bf5 6. Nf3 e6 7. Bd3 Bg6 8. Bxg6 hxg6 9. Bd2 Qc7 10. Ne2 Bd6 11. Be3 Nf6 12. Qd3 Nbd7 13. Nc3 0-0-0 14. 0-0-0 Kb8 15. Kb1 Qa5 16. Nd2 e5 17. Nc4 Qc7 18. Nxd6 Qxd6 19. dxe5 Qxd3 20. Rxd3 Nxe5 21. Bf4 Rde8 22. Re1 Nfd7 23. Rxd7 Kc8 24. Rdd1 f6 25. Bxe5 fxe5 26. Ne4 Kc7 27. Nc5 Re7 28. b3 Rh5 29. Re4 Rf5 30. Rg4 Rf6 31. f3 1-0

[Event "BRA-ch Cegos e Defi"]
[Site "web cbx"]
[Date "2012.01.29"]
[Round "7"]
[White "Vilas Boas, Crisolon Terto"]
[Black "Junqueira, Leonardo de Faria"]
[Result "0-1"]
[WhiteElo "2098"]
[BlackElo "2027"]
[PlyCount "108"]
[EventDate "2012.01.26"]
[EventType "tourn"]
[EventRounds "7"]
[EventCountry "BRA"]
[SourceTitle "EXT 2013"]
[Source "ChessBase"]
[SourceDate "2012.11.22"]
[SourceVersion "1"]
[SourceVersionDate "2012.11.22"]
[SourceQuality "1"]

1. d4 e6 2. d5 exd5 3. Qxd5 Nf6 4. Qd1 d5 5. Nf3 c6 6. Nc3 Be7 7. e3 Bg4 8. Be2 Nbd7 9. 0-0 0-0 10. Nd4 Bxe2 11. Qxe2 g6 12. Bd2 Qc7 13. f4 Ne4 14. Nxe4 dxe4 15. Be1 Bf6 16. c3 Bxd4 17. cxd4 f5 18. Bb4 Rfe8 19. Rfc1 Nf6 20. Qc4+ Qf7 21. h3 Qxc4 22. Rxc4 Nd5 23. Kf2 b5 24. Rxc6 Nxb4 25. Rc5 Nd3+ 26. Kg3 Nxc5 27. dxc5 b4 28. a3 a5 29. c6 Rac8 30. Rc1 Re6 31. c7 Re7 32. axb4 axb4 33. Rc4 Rcxc7 34. Rxb4 Rb7 35. Rd4 Rxb2 36. h4 h5 37. Rd6 Kg7 38. Kh3 Rc7 39. g4 Ra7 40. gxh5 gxh5 41. Rd1 Rb3 42. Kg2 Rxe3 43. Kf2 Rf3+ 44. Ke1 Rxf4 45. Ke2 Rxh4 46. Rd5 Kg6 47. Ke3 Ra3+ 48. Kd4 e3+ 49. Ke5 e2 50. Rd6+ Kg5 51. Kd5 Rd3+ 52. Ke6 Rxd6+ 53. Kf7 e1Q 54. Kf8 Rd7 0-1

[Event "BRA-ch Cegos e Defi"]
[Site "web cbx"]
[Date "2012.01.28"]
[Round "5"]
[White "Junqueira, Leonardo de Faria"]
[Black "Hengles, Roberto Carlos"]
[Result "0-1"]
[WhiteElo "2027"]
[BlackElo "2293"]
[PlyCount "94"]
[EventDate "2012.01.26"]
[EventType "tourn"]
[EventRounds "7"]
[EventCountry "BRA"]
[SourceTitle "EXT 2013"]
[Source "ChessBase"]
[SourceDate "2012.11.22"]
[SourceVersion "1"]
[SourceVersionDate "2012.11.22"]
[SourceQuality "1"]

1. e4 d5 2. e5 Bf5 3. d4 e6 4. Nf3 c5 5. c3 Nc6 6. Bb5 Qb6 7. Ba4 Bg4 8. a3 cxd4 9. Bxc6+ bxc6 10. cxd4 Bxf3 11. gxf3 Ne7 12. b4 Nf5 13. Be3 Be7 14. Nc3 0-0 15. 0-0 a5 16. Na4 Qb5 17. Nc5 axb4 18. a4 Qa5 19. Qc2 Bxc5 20. dxc5 Nxe3 21. fxe3 Rfb8 22. Rfb1 Rb7 23. Rb2 h6 24. h4 Qd8 25. Rab1 Qxh4 26. Qh2 Qxh2+ 27. Kxh2 Rxa4 28. Kg2 Ra5 29. Rxb4 Rxb4 30. Rxb4 Rxc5 31. Rb8+ Kh7 32. Rc8 Rc3 33. Kf2 Rc2+ 34. Kg3 Re2 35. Kf4 g5+ 36. Kg3 Rxe3 37. Rxc6 Rxe5 38. Rd6 Kg6 39. Kf2 h5 40. Rd7 h4 41. Rd8 Rf5 42. Rh8 d4 43. f4 Rxf4+ 44. Kg2 e5 45. Rg8+ Kf5 46. Kg1 e4 47. Kg2 e3 0-1

[Event "BRA-ch Cegos e Defi"]
[Site "web cbx"]
[Date "2012.01.27"]
[Round "3"]
[White "Junqueira, Leonardo de Faria"]
[Black "Pontes, Jaderson Lucio"]
[Result "0-1"]
[WhiteElo "2027"]
[BlackElo "2007"]
[PlyCount "74"]
[EventDate "2012.01.26"]
[EventType "tourn"]
[EventRounds "7"]
[EventCountry "BRA"]
[SourceTitle "EXT 2013"]
[Source "ChessBase"]
[SourceDate "2012.11.22"]
[SourceVersion "1"]
[SourceVersionDate "2012.11.22"]
[SourceQuality "1"]

1. e4 c5 2. Nf3 Nc6 3. d4 cxd4 4. Nxd4 e6 5. Nc3 Bb4 6. Bd2 Nxd4 7. a3 Be7 8. Be3 Nc6 9. Bd3 a6 10. 0-0 Qc7 11. Qg4 g6 12. f4 h5 13. Qf3 Nf6 14. h3 d6 15. Na4 Nd7 16. Qf2 b5 17. Bb6 Nxb6 18. Nxb6 Rb8 19. Nxc8 Rxc8 20. b4 Bf6 21. e5 dxe5 22. fxe5 Bxe5 23. Qe1 Bxa1 24. Qxa1 Qe5 25. Qd1 0-0 26. Re1 Qd4+ 27. Kh1 Ne5 28. Re4 Nxd3 29. cxd3 Qc3 30. Qf1 Qc1 31. Re1 Qxa3 32. Kh2 Qxb4 33. Re4 Qd6+ 34. Kh1 Rc3 35. Re1 Qxd3 36. Qf6 Qg3 37. Rxe6 Rc1+ 0-1